[Event "14. Deizisauer Herbstopen 2019"]
[Site "Deizisau"]
[Date "2019.10.27"]
[Round "4.5"]
[White "Valkova, Anzhelika"]
[Black "Coellen, Florian"]
[Result "1-0"]
[WhiteElo "1947"]
[BlackElo "1873"]
[Annotator "NA"]
[PlyCount "127"]
[EventDate "2019.10.25"]
[EventType "swiss"]
[EventCountry "GER"]
[SourceTitle "playchess.com"]
[Source "ChessBase"]
[SourceQuality "1"]
[TimeControl "5400+30"]

1. d4 {[%emt 0:00:00]} Nf6 {[%emt 0:00:00]} 2. c4 {[%emt 0:00:00]} e6 {[%emt 0:00:00]} 3. Nc3 {[%emt 0:00:00]} Bb4 {[%emt 0:00:00]} 4. Qc2 {[%emt 0:00:00]} O-O {[%emt 0:00:00]} 5. e4 {[%emt 0:00:18]} d5 {[%emt 0:00:02]} 6. cxd5 {[%emt 0:00:06]} exd5 {[%emt 0:00:15]} 7. e5 {[%emt 0:00:26]} Ne4 {[%emt 0:00:55]} 8. a3 {[%emt 0:04:46]} Bxc3+ {[%emt 0:04:19]} 9. bxc3 {[%emt 0:00:05]} c5 {[%emt 0:02:43]} 10. Bd3 {[%emt 0:13:23]} Nc6 {[%emt 0:08:37]} 11. Ne2 {[%emt 0:12:20]} Bf5 {[%emt 0:02:51]} 12. f3 {[%emt 0:01:04]} c4 {[%emt 0:04:41]} 13. Bxe4 {[%emt 0:00:07]} dxe4 {[%emt 0:00:20]} 14. fxe4 {[%emt 0:00:06]} Qh4+ {[%emt 0:01:22]} 15. Ng3 {[%emt 0:00:06]} Bg6 {[%emt 0:00:38]} 16. O-O {[%emt 0:00:57]} Rad8 {[%emt 0:06:43]} 17. a4 $18 {[%emt 0:01:26]} Rfe8 {[%emt 0:07:03]} 18. Qe2 {[%emt 0:07:43]} Rc8 {[%emt 0:10:36]} 19. Rf4 {[%emt 0:10:14]} Qd8 {[%emt 0:00:29]} 20. Qf2 {[%emt 0:01:06]} Qa5 {[%emt 0:04:16]} 21. h4 {[%emt 0:01:37]} h5 {[%emt 0:01:26]} 22. Qf3 {[%emt 0:03:49]} Rc7 {[%emt 0:01:36]} 23. Nf5 {[%emt 0:06:42]} Rd7 {[%emt 0:03:53]} 24. Nd6 {[%emt 0:00:51]} Nxe5 {[%emt 0:00:32]} 25. dxe5 {[%emt 0:00:09]} Rxe5 {[%emt 0:00:26]} 26. Nf5 {[%emt 0:06:44]} Rd3 {[%emt 0:02:32]} 27. Qf2 {[%emt 0:00:28]} Bxf5 {[%emt 0:04:47]} 28. Rxf5 {[%emt 0:00:26]} Rxf5 {[%emt 0:00:50]} 29. exf5 {[%emt 0:00:20]} Rd1+ {[%emt 0:00:35]} 30. Kh2 {[%emt 0:00:07]} Rd5 {[%emt 0:02:03]} 31. f6 {[%emt 0:03:26]} Rf5 {[%emt 0:01:00]} 32. Qd4 {[%emt 0:02:50]} Qc7+ {[%emt 0:02:03]} 33. Kg1 {[%emt 0:00:06]} Rxf6 {[%emt 0:00:04]} 34. Bg5 {[%emt 0:02:18]} Rd6 {[%emt 0:01:06]} 35. Qxa7 {[%emt 0:00:44]} Rd3 {[%emt 0:00:14]} 36. Rb1 {[%emt 0:03:22]} Qc6 {[%emt 0:06:55]} 37. Qb8+ {[%emt 0:02:28]} Kh7 {[%emt 0:00:30]} 38. Qxb7 {[%emt 0:02:58]} Qc5+ {[%emt 0:01:16]} 39. Kh1 {[%emt 0:00:20]} Qf5 {[%emt 0:01:04]} 40. Qb5 {[%emt 0:02:05]} Qe4 {[%emt 0:01:16]} 41. Qb7 {[%emt 0:00:39]} Qf5 {[%emt 0:00:54]} 42. Qb5 {[%emt 0:03:06]} Qe4 {[%emt 0:00:21]} 43. Rf1 {[%emt 0:01:55]} f6 {[%emt 0:02:58]} 44. Bf4 {[%emt 0:03:44]} Rh3+ {[%emt 0:00:56]} 45. Bh2 {[%emt 0:00:45]} Rxc3 {[%emt 0:05:25]} 46. Qf5+ {[%emt 0:00:55]} Qxf5 {[%emt 0:00:02]} 47. Rxf5 {[%emt 0:00:04]} Rc1+ {[%emt 0:00:27]} 48. Bg1 {[%emt 0:00:04]} Kg6 {[%emt 0:00:04]} 49. Rc5 {[%emt 0:00:10]} c3 {[%emt 0:00:18]} 50. a5 {[%emt 0:00:16]} c2 {[%emt 0:00:11]} 51. Kh2 {[%emt 0:00:07]} Ra1 {[%emt 0:00:12]} 52. Be3 {[%emt 0:00:05]} Ra2 {[%emt 0:00:17]} 53. Bd2 {[%emt 0:00:22]} f5 {[%emt 0:01:41]} 54. Rc6+ {[%emt 0:00:29]} Kf7 {[%emt 0:00:36]} 55. a6 {[%emt 0:01:29]} Ke8 {[%emt 0:00:11]} 56. Bf4 {[%emt 0:00:35]} Kd8 {[%emt 0:01:04]} 57. Kg3 {[%emt 0:00:56]} Ra3+ {[%emt 0:01:31]} 58. Kf2 {[%emt 0:00:18]} Ra4 {[%emt 0:00:41]} 59. g3 {[%emt 0:00:34]} Kd7 {[%emt 0:01:56]} 60. Rd6+ {[%emt 0:00:56]} Ke7 {[%emt 0:00:30]} 61. Rc6 {[%emt 0:00:42]} Kd7 {[%emt 0:00:08]} 62. Rxc2 {[%emt 0:00:42]} Rxa6 {[%emt 0:00:07]} 63. Rc7+ {[%emt 0:00:03]} Ke8 {[%emt 0:00:32]} 64. Rxg7 {[%emt 0:00:06]} 1-0

[Event "14. Deizisauer Herbstopen 2019"]
[Site "Deizisau"]
[Date "2019.10.27"]
[Round "4.6"]
[White "Reck, Moritz"]
[Black "Lehmann, Stefan"]
[Result "0-1"]
[WhiteElo "2141"]
[BlackElo "1999"]
[Annotator "NA"]
[PlyCount "96"]
[EventDate "2019.10.25"]
[EventType "swiss"]
[EventCountry "GER"]
[SourceTitle "playchess.com"]
[Source "ChessBase"]
[SourceQuality "1"]
[TimeControl "5400+30"]

1. g3 {[%emt 0:01:40]} e5 {[%emt 0:00:11]} 2. Bg2 {[%emt 0:00:02]} Nf6 {[%emt 0:00:22]} 3. Nc3 {[%emt 0:00:49]} d5 {[%emt 0:01:00]} 4. d3 {[%emt 0:00:05]} Nc6 {[%emt 0:00:26]} 5. Bg5 {[%emt 0:01:38]} Be6 {[%emt 0:01:26]} 6. e4 {[%emt 0:20:33]} dxe4 {[%emt 0:09:46]} 7. Nxe4 {[%emt 0:00:26]} Be7 {[%emt 0:00:34]} 8. Bxf6 {[%emt 0:04:53]} gxf6 {[%emt 0:04:30]} 9. Nf3 {[%emt 0:00:16]} f5 {[%emt 0:00:58]} 10. Nc3 {[%emt 0:00:22]} Qd7 {[%emt 0:00:55]} 11. O-O {[%emt 0:14:10]} O-O-O {[%emt 0:01:59]} 12. Qe2 {[%emt 0:02:27]} f6 $17 {[%emt 0:07:20]} 13. Rfe1 {[%emt 0:00:04]} f4 {[%emt 0:18:39]} 14. Rad1 {[%emt 0:05:55]} fxg3 {[%emt 0:00:55]} 15. fxg3 {[%emt 0:00:07]} Bc5+ {[%emt 0:04:59]} 16. Kh1 {[%emt 0:01:12]} Bg4 {[%emt 0:10:44]} 17. Ne4 {[%emt 0:02:20]} Be7 {[%emt 0:00:51]} 18. c3 {[%emt 0:00:42]} Rhe8 {[%emt 0:08:18]} 19. Nf2 {[%emt 0:05:17]} h5 {[%emt 0:02:07]} 20. h3 {[%emt 0:09:15]} Bf5 {[%emt 0:02:08]} 21. Nh4 {[%emt 0:07:54]} Be6 {[%emt 0:02:12]} 22. d4 {[%emt 0:01:12]} Bd5 {[%emt 0:01:08]} 23. dxe5 {[%emt 0:03:50]} Bxg2+ {[%emt 0:00:12]} 24. Kxg2 {[%emt 0:01:42]} Bd6 {[%emt 0:08:10]} 25. Qxh5 {[%emt 0:03:08]} Rxe5 {[%emt 0:03:37]} 26. Rxe5 {[%emt 0:00:01]} Nxe5 {[%emt 0:00:06]} 27. Qf5 {[%emt 0:00:12]} Nc4 {[%emt 0:00:45]} 28. Ng4 {[%emt 0:05:17]} Nxb2 {[%emt 0:05:29]} 29. Rd2 {[%emt 0:03:13]} Nc4 {[%emt 0:01:25]} 30. Rd4 {[%emt 0:00:28]} b5 {[%emt 0:00:56]} 31. Nxf6 {[%emt 0:01:42]} Ne3+ {[%emt 0:00:27]} 32. Kf3 {[%emt 0:02:36]} Nxf5 {[%emt 0:00:11]} 33. Nxd7 {[%emt 0:00:03]} Nxd4+ {[%emt 0:00:08]} 34. cxd4 {[%emt 0:00:07]} Kxd7 {[%emt 0:00:11]} 35. Nf5 {[%emt 0:00:11]} Rf8 {[%emt 0:01:03]} 36. g4 {[%emt 0:00:01]} b4 {[%emt 0:01:28]} 37. Ke4 {[%emt 0:00:03]} c6 {[%emt 0:00:22]} 38. h4 {[%emt 0:01:15]} a5 {[%emt 0:00:14]} 39. h5 {[%emt 0:00:05]} Rg8 {[%emt 0:00:40]} 40. Nh6 {[%emt 0:01:26]} Re8+ {[%emt 0:00:32]} 41. Kf5 {[%emt 0:00:05]} a4 {[%emt 0:00:22]} 42. g5 {[%emt 0:00:15]} b3 {[%emt 0:00:16]} 43. axb3 {[%emt 0:00:01]} axb3 {[%emt 0:00:19]} 44. Ng4 {[%emt 0:00:02]} Rf8+ {[%emt 0:00:14]} 45. Nf6+ {[%emt 0:00:02]} Ke7 {[%emt 0:00:44]} 46. Kg6 {[%emt 0:02:07]} b2 {[%emt 0:00:25]} 47. Kg7 {[%emt 0:00:52]} Rf7+ {[%emt 0:00:46]} 48. Kh8 {[%emt 0:00:18]} Rxf6 {[%emt 0:00:23]} 0-1

[Event "14. Deizisauer Herbstopen 2019"]
[Site "Deizisau"]
[Date "2019.10.27"]
[Round "4.7"]
[White "Heck, Nils"]
[Black "Marquardt, Alexander"]
[Result "1/2-1/2"]
[WhiteElo "1999"]
[BlackElo "2125"]
[Annotator "NA"]
[PlyCount "114"]
[EventDate "2019.10.25"]
[EventType "swiss"]
[EventCountry "GER"]
[SourceTitle "playchess.com"]
[Source "ChessBase"]
[SourceQuality "1"]
[TimeControl "5400+30"]

1. d4 {[%emt 0:00:00]} Nf6 {[%emt 0:00:00]} 2. c4 {[%emt 0:00:00]} g6 {[%emt 0:00:00]} 3. f3 {[%emt 0:00:00]} Bg7 {[%emt 0:00:04]} 4. e4 {[%emt 0:00:01]} d6 {[%emt 0:00:08]} 5. Nc3 {[%emt 0:00:11]} O-O {[%emt 0:00:20]} 6. Be3 {[%emt 0:00:09]} Nbd7 {[%emt 0:00:07]} 7. Nge2 {[%emt 0:00:30]} e5 {[%emt 0:00:14]} 8. Qd2 {[%emt 0:00:24]} a6 {[%emt 0:04:00]} 9. d5 {[%emt 0:01:44]} Ne8 {[%emt 0:02:21]} 10. g4 {[%emt 0:08:59]} f5 {[%emt 0:01:00]} 11. gxf5 {[%emt 0:00:52]} gxf5 {[%emt 0:00:04]} 12. Bg5 {[%emt 0:02:20]} (12. exf5 $16 Rxf5 13. Rg1) 12... Ndf6 {[%emt 0:05:02] [#]} (12... Bf6 $14) 13. h4 {[%emt 0:03:33]} (13. exf5 $1 $18 Bxf5 14. h4) 13... f4 {[%emt 0:08:36]} 14. h5 {[%emt 0:02:44]} h6 {[%emt 0:00:05]} 15. Bh4 {[%emt 0:00:22]} Qe7 {[%emt 0:00:24]} 16. Nc1 {[%emt 0:15:02]} Qf7 {[%emt 0:00:24]} 17. Nb3 {[%emt 0:05:38]} Nxh5 {[%emt 0:02:13]} 18. O-O-O $11 {[%emt 0:04:23]} ({Don't play} 18. Rg1 Kh8 $11) 18... b6 {[%emt 0:19:23]} 19. Bh3 {[%emt 0:10:17]} Bxh3 {[%emt 0:10:41]} 20. Rxh3 {[%emt 0:00:09]} Nhf6 {[%emt 0:07:53]} 21. Qh2 {[%emt 0:01:32]} Qd7 {[%emt 0:06:31]} 22. Rg1 {[%emt 0:02:23]} Rf7 {[%emt 0:07:27]} 23. Bxf6 {[%emt 0:05:06]} Rxf6 {[%emt 0:03:17]} 24. Rxh6 {[%emt 0:00:10]} Rxh6 {[%emt 0:01:18]} 25. Qxh6 {[%emt 0:00:12]} Kf8 {[%emt 0:01:57]} 26. Qg6 {[%emt 0:00:25]} Qf7 {[%emt 0:00:55]} 27. Qg5 {[%emt 0:03:05]} Bf6 {[%emt 0:00:37]} 28. Qh6+ {[%emt 0:02:31]} Ke7 {[%emt 0:01:36]} 29. c5 {[%emt 0:10:53]} Ng7 {[%emt 0:00:59]} 30. c6 {[%emt 0:03:34]} Nh5 {[%emt 0:00:18]} 31. Ne2 {[%emt 0:01:22]} Rh8 {[%emt 0:00:54]} 32. Qg6 {[%emt 0:00:07]} Qxg6 {[%emt 0:00:16]} 33. Rxg6 {[%emt 0:00:06]} Kf7 {[%emt 0:00:38]} 34. Rg1 {[%emt 0:00:28]} Ng7 {[%emt 0:00:03]} 35. Nd2 {[%emt 0:00:44]} Rh2 {[%emt 0:00:12]} 36. Kd1 {[%emt 0:00:24]} Bh4 {[%emt 0:00:58]} 37. Nc4 {[%emt 0:03:37]} Ne8 {[%emt 0:02:01]} 38. Nd2 {[%emt 0:02:54]} Bf2 {[%emt 0:01:09]} 39. Rg5 {[%emt 0:03:24]} Be3 {[%emt 0:03:25]} 40. Nc4 {[%emt 0:00:53]} Rh1+ {[%emt 0:01:36]} 41. Kc2 {[%emt 0:00:05]} Bc5 {[%emt 0:01:09]} 42. Rf5+ {[%emt 0:01:30]} Ke7 {[%emt 0:00:14]} 43. Nxe5 {[%emt 0:00:34]} dxe5 {[%emt 0:01:34]} 44. Rxe5+ {[%emt 0:00:08]} Kf7 {[%emt 0:00:25]} 45. Rf5+ {[%emt 0:00:24]} Kg8 {[%emt 0:00:58]} 46. Nxf4 {[%emt 0:00:33]} Ng7 {[%emt 0:01:36]} 47. Rg5 {[%emt 0:00:45]} Be3 {[%emt 0:00:42]} 48. Rg4 {[%emt 0:00:06]} Bxf4 {[%emt 0:01:16]} 49. Rxf4 {[%emt 0:00:05]} Ne8 {[%emt 0:00:34]} 50. e5 {[%emt 0:00:45]} Re1 {[%emt 0:01:59]} 51. Rf5 {[%emt 0:01:20]} Re2+ {[%emt 0:00:50]} 52. Kc3 {[%emt 0:00:20]} Kg7 {[%emt 0:01:09]} 53. f4 {[%emt 0:00:32]} Rg2 {[%emt 0:01:13]} 54. a4 {[%emt 0:01:01]} Rg1 {[%emt 0:00:04]} 55. Kc2 {[%emt 0:00:42]} Rg2+ {[%emt 0:00:06]} 56. Kc3 {[%emt 0:00:06]} Rg1 {[%emt 0:00:08]} 57. Kc2 {[%emt 0:00:06]} Rg2+ {[%emt 0:00:23]} 1/2-1/2

[Event "14. Deizisauer Herbstopen 2019"]
[Site "Deizisau"]
[Date "2019.10.27"]
[Round "4.8"]
[White "Engbrecht, Helmut"]
[Black "Reimche, Vadim"]
[Result "1/2-1/2"]
[WhiteElo "1978"]
[BlackElo "2080"]
[Annotator "NA"]
[PlyCount "105"]
[EventDate "2019.10.25"]
[EventType "swiss"]
[EventCountry "GER"]
[SourceTitle "playchess.com"]
[Source "ChessBase"]
[SourceQuality "1"]
[TimeControl "5400+30"]

1. e4 {[%emt 0:00:00]} c5 {[%emt 0:05:13]} 2. Nc3 {[%emt 0:00:00]} Nc6 {[%emt 0:01:27]} 3. Nf3 {[%emt 0:00:14]} Nf6 {[%emt 0:00:13]} 4. Bb5 {[%emt 0:02:06]} d5 {[%emt 0:02:09]} (4... Nd4 5. e5 Nxb5 6. Nxb5 Nd5 7. Ng5 f6 8. Ne4 f5 9. Nbc3 Nxc3 10. Nxc3 d6 11. O-O dxe5 12. Qe2 e6 13. Qxe5 Qd6 14. Qe2 Be7 15. b3 O-O {1-0 (52) Caruana,F (2819)-Carlsen,M (2875) Stavanger 2019}) 5. e5 {[%emt 0:05:31]} d4 {[%emt 0:01:35]} 6. exf6 {[%emt 0:03:48] B30: Sicilian: 2...Nc6 3 Bb5, lines without ...g6} dxc3 {[%emt 0:00:07]} 7. fxg7 {[%emt 0:00:33]} cxd2+ {[%emt 0:00:15]} 8. Qxd2 {[%emt 0:00:49]} Qxd2+ {[%emt 0:00:13]} 9. Bxd2 {[%emt 0:00:44]} Bxg7 {[%emt 0:00:09]} 10. c3 $146 {[%emt 0:06:42]} ({Predecessor:} 10. O-O-O Bd7 11. Rhe1 Rd8 12. Bg5 {1-0 (34) Bujdak,P (1935)-Schalkwijk,P (1722) Chessfriend.com 2003}) 10... Bd7 {[%emt 0:02:01]} 11. Be3 {[%emt 0:01:08]} b6 {[%emt 0:00:42]} 12. O-O-O {[%emt 0:00:47]} Ne5 {[%emt 0:03:02]} 13. Bxd7+ {[%emt 0:07:51]} Nxd7 {[%emt 0:00:07]} 14. Bf4 {[%emt 0:00:53]} O-O-O {[%emt 0:05:50]} 15. Rhe1 {[%emt 0:01:30]} Rhe8 {[%emt 0:08:09]} 16. Kc2 {[%emt 0:08:29]} e5 {[%emt 0:10:54]} 17. Bg3 {[%emt 0:04:31]} f6 {[%emt 0:02:51]} 18. Rd5 {[%emt 0:02:49]} Nf8 {[%emt 0:07:44]} 19. Red1 {[%emt 0:01:04]} Ng6 {[%emt 0:02:22]} 20. Nh4 {[%emt 0:18:02]} Ne7 {[%emt 0:01:14]} 21. Rxd8+ $11 {[%emt 0:03:06]} Rxd8 {[%emt 0:00:08]} 22. Rxd8+ {[%emt 0:01:21]} Kxd8 {[%emt 0:00:03]} 23. f3 {[%emt 0:00:38]} Kd7 {[%emt 0:03:52]} 24. Kd3 {[%emt 0:00:36]} Ke6 {[%emt 0:01:36]} 25. Bf2 {[%emt 0:02:30]} h5 {[%emt 0:06:47]} 26. Be3 {[%emt 0:03:49]} f5 {[%emt 0:06:01]} 27. g3 {[%emt 0:01:18]} Nc8 {[%emt 0:01:41]} 28. b4 {[%emt 0:01:50]} cxb4 {[%emt 0:02:22]} 29. cxb4 {[%emt 0:00:12]} Nd6 {[%emt 0:00:39]} 30. a4 {[%emt 0:01:12]} Kd5 {[%emt 0:01:17]} 31. a5 {[%emt 0:02:39]} bxa5 {[%emt 0:01:24]} 32. bxa5 {[%emt 0:00:14]} a6 {[%emt 0:00:40]} 33. Bb6 {[%emt 0:02:12]} e4+ {[%emt 0:06:03]} 34. fxe4+ {[%emt 0:01:02]} fxe4+ {[%emt 0:00:10]} 35. Ke2 {[%emt 0:00:27]} Bd4 {[%emt 0:03:41]} 36. Bd8 {[%emt 0:02:02]} Kc4 {[%emt 0:08:33]} 37. Ng6 {[%emt 0:01:35]} Nb5 {[%emt 0:02:42]} 38. Nf4 {[%emt 0:01:16]} Nc3+ {[%emt 0:00:43]} 39. Ke1 {[%emt 0:00:16]} Nd5 {[%emt 0:02:42]} 40. Nxh5 {[%emt 0:01:31]} Kd3 {[%emt 0:00:23]} 41. g4 {[%emt 0:06:19]} Bc3+ {[%emt 0:00:43]} 42. Kf1 {[%emt 0:01:31]} Be5 {[%emt 0:00:26]} 43. Ng3 {[%emt 0:02:35]} Bxg3 {[%emt 0:00:20]} 44. hxg3 {[%emt 0:00:07]} e3 {[%emt 0:00:23]} 45. Bg5 {[%emt 0:02:36]} e2+ {[%emt 0:00:22]} 46. Kf2 {[%emt 0:00:26]} Nb4 {[%emt 0:00:29]} 47. Bf6 {[%emt 0:00:40]} Nc2 {[%emt 0:01:12]} 48. Bc3 {[%emt 0:00:41]} Kxc3 {[%emt 0:01:15]} 49. Kxe2 {[%emt 0:00:10]} Kd4 {[%emt 0:00:17]} 50. g5 {[%emt 0:00:45]} Ke5 {[%emt 0:00:37]} 51. Kd3 {[%emt 0:00:30]} Na3 {[%emt 0:01:03]} 52. g6 {[%emt 0:00:41]} Kf6 {[%emt 0:00:16]} 53. Kd4 {[%emt 0:00:14]} 1/2-1/2

[Event "14. Deizisauer Herbstopen 2019"]
[Site "Deizisau"]
[Date "2019.10.27"]
[Round "4.9"]
[White "Kraft, Julian"]
[Black "Doeserich, Juergen"]
[Result "1-0"]
[WhiteElo "2062"]
[BlackElo "1975"]
[Annotator "NA RC"]
[PlyCount "61"]
[EventDate "2019.10.25"]
[EventType "swiss"]
[EventCountry "GER"]
[SourceTitle "playchess.com"]
[Source "ChessBase"]
[SourceQuality "1"]
[TimeControl "5400+30"]

1. c4 {[%emt 0:00:00]} c5 {[%emt 0:00:24]} 2. Nc3 {[%emt 0:00:00]} Nc6 {[%emt 0:00:33]} 3. g3 {[%emt 0:00:00]} g6 {[%emt 0:00:05]} 4. Bg2 {[%emt 0:00:02]} Bg7 {[%emt 0:00:02]} 5. d3 {[%emt 0:00:16]} e6 {[%emt 0:00:39]} 6. e4 {[%emt 0:02:07]} Nge7 {[%emt 0:00:49]} 7. Nge2 {[%emt 0:03:19]} O-O {[%emt 0:01:35]} 8. h4 {[%emt 0:11:17]} h6 {[%emt 0:04:13]} 9. Be3 {[%emt 0:14:55]} Nd4 {[%emt 0:02:53]} 10. Qd2 {[%emt 0:00:14]} Kh7 {[%emt 0:00:25]} 11. f4 {[%emt 0:17:21]} d6 {[%emt 0:01:41] [#]} (11... d5 $14) 12. h5 $16 {[%emt 0:02:58]} Nec6 {[%emt 0:10:29]} 13. hxg6+ {[%emt 0:01:16]} fxg6 {[%emt 0:06:26]} 14. f5 {[%emt 0:01:56]} Ne5 {[%emt 0:02:52]} 15. Ng1 {[%emt 0:11:35]} Ng4 {[%emt 0:03:59]} 16. fxg6+ {[%emt 0:03:14]} Kxg6 {[%emt 0:01:22]} 17. O-O-O {[%emt 0:06:02]} Nxe3 {[%emt 0:00:23]} 18. Qxe3 {[%emt 0:00:01]} Qg5 {[%emt 0:00:53]} 19. Qxg5+ {[%emt 0:00:29]} hxg5 {[%emt 0:00:43]} 20. e5 {[%emt 0:11:13]} Bxe5 {[%emt 0:01:16]} 21. Be4+ {[%emt 0:00:01]} Kg7 {[%emt 0:00:21]} 22. Rh7+ {[%emt 0:05:36]} Kg8 {[%emt 0:00:34]} 23. Rh5 {[%emt 0:01:00]} Rf2 {[%emt 0:03:35]} 24. Rxg5+ {[%emt 0:02:09]} Kf7 {[%emt 0:00:34]} 25. Nh3 {[%emt 0:00:28]} Ne2+ {[%emt 0:01:34]} 26. Nxe2 {[%emt 0:02:08]} Rxe2 {[%emt 0:00:02]} 27. Rf1+ {[%emt 0:00:00]} Ke7 {[%emt 0:01:04]} 28. Rh5 {[%emt 0:02:53]} Kd8 {[%emt 0:05:06]} 29. Rh7 {[%emt 0:00:45]} Bd7 {[%emt 0:00:08]} 30. Rf8+ {[%emt 0:00:41]} Be8 {[%emt 0:00:32]} 31. Bg6 {[%emt 0:00:01]} 1-0

[Event "14. Deizisauer Herbstopen 2019"]
[Site "Deizisau"]
[Date "2019.10.27"]
[Round "5.2"]
[White "Gustain, Marc"]
[Black "Gheng, Josef"]
[Result "0-1"]
[WhiteElo "2179"]
[BlackElo "2190"]
[Annotator "NA"]
[PlyCount "106"]
[EventDate "2019.10.25"]
[EventType "swiss"]
[EventCountry "GER"]
[SourceTitle "playchess.com"]
[Source "ChessBase"]
[SourceQuality "1"]
[TimeControl "5400+30"]

1. e4 {[%emt 0:00:00]} e5 {[%emt 0:00:00]} 2. Bc4 {[%emt 0:00:00]} Nf6 {[%emt 0:00:17]} 3. d4 {[%emt 0:00:00]} exd4 {[%emt 0:00:45]} 4. Nf3 {[%emt 0:00:00]} Bc5 {[%emt 0:04:08]} 5. e5 {[%emt 0:02:32]} d5 {[%emt 0:02:07]} 6. exf6 {[%emt 0:01:29]} dxc4 {[%emt 0:00:08]} 7. fxg7 {[%emt 0:01:40]} Rg8 {[%emt 0:00:06]} 8. Qe2+ {[%emt 0:06:49]} Qe7 {[%emt 0:01:17]} 9. Qxe7+ {[%emt 0:00:21]} Kxe7 {[%emt 0:00:07]} 10. Bh6 {[%emt 0:00:21]} a5 {[%emt 0:00:31]} 11. Nbd2 {[%emt 0:00:39]} Ra6 {[%emt 0:00:38]} 12. Bf4 {[%emt 0:03:11]} Re6+ {[%emt 0:04:45]} 13. Kf1 {[%emt 0:00:56]} c3 {[%emt 0:00:35]} 14. bxc3 {[%emt 0:00:18]} dxc3 {[%emt 0:00:07]} 15. Nb3 {[%emt 0:03:48]} Bb6 {[%emt 0:00:34]} 16. Nbd4 {[%emt 0:04:51]} Re4 {[%emt 0:00:35]} 17. Re1 {[%emt 0:05:51]} Rxe1+ {[%emt 0:00:52]} 18. Kxe1 {[%emt 0:00:04]} Rxg7 {[%emt 0:00:21]} 19. Nb5 {[%emt 0:02:21]} Na6 {[%emt 0:00:48]} 20. Nxc3 {[%emt 0:05:26]} Be6 {[%emt 0:00:47]} 21. a3 {[%emt 0:09:51]} f6 {[%emt 0:06:22]} 22. g3 {[%emt 0:03:03]} Bc5 {[%emt 0:00:57]} 23. Bc1 {[%emt 0:04:53]} Rg4 {[%emt 0:00:46]} 24. Bb2 {[%emt 0:02:31]} Kf7 {[%emt 0:03:23]} 25. h3 {[%emt 0:00:58]} Rg8 {[%emt 0:00:30]} 26. Ne4 {[%emt 0:01:59]} Bd5 {[%emt 0:00:21]} 27. Ned2 {[%emt 0:05:03]} Rd8 {[%emt 0:00:42]} 28. Rg1 {[%emt 0:03:00]} b5 {[%emt 0:00:10]} 29. g4 {[%emt 0:01:33]} b4 {[%emt 0:03:19]} 30. a4 {[%emt 0:00:25]} b3 {[%emt 0:00:26]} 31. c3 {[%emt 0:05:02]} Bc6 {[%emt 0:00:59]} 32. g5 {[%emt 0:01:23]} Be7 {[%emt 0:01:15]} 33. Nd4 {[%emt 0:01:13]} Bxa4 {[%emt 0:00:16]} 34. gxf6 {[%emt 0:01:28]} Bxf6 {[%emt 0:00:15]} 35. N4xb3 {[%emt 0:01:12]} Rb8 {[%emt 0:00:17]} 36. Nxa5 {[%emt 0:04:33]} Rxb2 {[%emt 0:00:11]} 37. Rg4 {[%emt 0:00:46]} Bd7 {[%emt 0:01:03]} 38. Rf4 {[%emt 0:00:18]} Nc5 {[%emt 0:00:27]} 39. Ke2 {[%emt 0:00:59]} Kg6 {[%emt 0:00:40]} 40. Nac4 {[%emt 0:01:02]} Rc2 {[%emt 0:00:09]} 41. Ne3 {[%emt 0:00:42]} Ra2 {[%emt 0:00:48]} 42. Nd5 {[%emt 0:02:34]} Rxd2+ {[%emt 0:00:18]} 43. Kxd2 {[%emt 0:00:31]} Bg5 {[%emt 0:00:05]} 44. Ke2 {[%emt 0:00:37]} Bxf4 {[%emt 0:00:41]} 45. Nxf4+ {[%emt 0:00:02]} Kf5 {[%emt 0:00:20]} 46. Ke3 {[%emt 0:00:53]} Ke5 {[%emt 0:00:35]} 47. h4 {[%emt 0:00:20]} Bg4 {[%emt 0:00:17]} 48. f3 {[%emt 0:00:29]} Bf5 {[%emt 0:00:16]} 49. Ne2 {[%emt 0:00:39]} Ne6 {[%emt 0:00:05]} 50. c4 {[%emt 0:00:24]} c5 {[%emt 0:00:15]} 51. f4+ {[%emt 0:00:28]} Kf6 {[%emt 0:00:17]} 52. Nc3 {[%emt 0:00:21]} Bc2 {[%emt 0:00:45]} 53. Nd5+ {[%emt 0:00:40]} Kf5 {[%emt 0:00:16]} 0-1

[Event "14. Deizisauer Herbstopen 2019"]
[Site "Deizisau"]
[Date "2019.10.27"]
[Round "5.3"]
[White "Frolik, Erhard"]
[Black "Valkova, Anzhelika"]
[Result "1-0"]
[WhiteElo "2317"]
[BlackElo "1947"]
[Annotator "NA RC"]
[PlyCount "83"]
[EventDate "2019.10.25"]
[EventType "swiss"]
[EventCountry "GER"]
[SourceTitle "playchess.com"]
[Source "ChessBase"]
[SourceQuality "1"]
[TimeControl "5400+30"]

1. e4 {[%emt 0:00:41]} e6 {[%emt 0:00:00]} 2. d4 {[%emt 0:00:27]} d5 {[%emt 0:00:00]} 3. Nd2 {[%emt 0:00:25]} Nf6 {[%emt 0:00:00]} 4. e5 {[%emt 0:00:15]} Nfd7 {[%emt 0:00:00]} 5. Bd3 {[%emt 0:00:07]} c5 {[%emt 0:00:02]} 6. c3 {[%emt 0:00:04]} Nc6 {[%emt 0:00:04]} 7. Ne2 {[%emt 0:00:11]} cxd4 {[%emt 0:00:04]} 8. cxd4 {[%emt 0:00:09]} f6 {[%emt 0:00:04]} 9. exf6 {[%emt 0:00:09]} Qxf6 {[%emt 0:00:03]} 10. Nf3 {[%emt 0:01:08]} h6 {[%emt 0:00:07]} 11. O-O {[%emt 0:10:42]} Bd6 {[%emt 0:00:03]} 12. Bd2 {[%emt 0:00:50]} O-O {[%emt 0:00:09]} 13. Bc3 {[%emt 0:00:28]} Rd8 {[%emt 0:00:30]} 14. Ng3 {[%emt 0:00:38]} Nf8 {[%emt 0:00:12]} 15. Re1 {[%emt 0:04:35]} Ng6 {[%emt 0:11:45]} 16. Nh5 {[%emt 0:00:54]} Qf7 {[%emt 0:00:05]} 17. a3 {[%emt 0:05:52]} Rf8 {[%emt 0:05:44]} 18. Qe2 {[%emt 0:01:59]} Nf4 {[%emt 0:01:02]} 19. Nxf4 {[%emt 0:00:06]} Qxf4 {[%emt 0:00:03]} 20. Bc2 {[%emt 0:02:25]} g5 {[%emt 0:02:22]} 21. Qd3 {[%emt 0:01:57]} Qf7 {[%emt 0:00:11]} 22. Re2 {[%emt 0:01:48]} Bd7 {[%emt 0:02:08]} 23. Rae1 {[%emt 0:06:13]} Qg7 {[%emt 0:00:18]} 24. b4 {[%emt 0:08:43]} a6 {[%emt 0:00:42]} 25. h3 {[%emt 0:02:32]} Rf4 {[%emt 0:01:47]} 26. Bd2 {[%emt 0:08:37]} Nxd4 {[%emt 0:07:17]} 27. Nxd4 {[%emt 0:01:23]} Rxd4 {[%emt 0:00:04]} 28. Qb3 {[%emt 0:01:16]} Rc4 {[%emt 0:00:47]} 29. Bd3 {[%emt 0:02:36]} Rc7 {[%emt 0:00:20]} 30. g3 {[%emt 0:07:42]} Rac8 {[%emt 0:03:25]} 31. Rxe6 {[%emt 0:01:50]} Bxe6 {[%emt 0:02:10]} 32. Rxe6 {[%emt 0:00:05]} Qa1+ {[%emt 0:01:31]} 33. Kg2 {[%emt 0:01:16]} Bf8 {[%emt 0:00:42]} 34. Qxd5 {[%emt 0:00:21]} Kh8 {[%emt 0:00:21]} 35. Be3 {[%emt 0:00:50]} Bg7 {[%emt 0:00:23]} 36. Qe4 {[%emt 0:02:31]} Kg8 {[%emt 0:01:02]} 37. Re8+ {[%emt 0:04:57]} Rxe8 {[%emt 0:00:06]} 38. Qxe8+ {[%emt 0:00:04]} Bf8 {[%emt 0:00:03]} 39. Qe6+ {[%emt 0:02:23]} Kh8 {[%emt 0:10:24]} 40. Qd5 {[%emt 0:00:34]} Rg7 {[%emt 0:00:06]} 41. Bd4 {[%emt 0:00:10]} Qxa3 {[%emt 0:00:16]} 42. Qf5 {[%emt 0:00:43]} 1-0